[Event "Bayern ch 2008"]
[Site "Bad Neustadt /Saale"]
[Date "2008.09.02"]
[Round "5.7"]
[White "Golda, Harald"]
[Black "Rother, Christoph"]
[Result "1/2-1/2"]
[WhiteElo "2336"]
[BlackElo "2291"]
[PlyCount "88"]
[EventDate "2008.??.??"]
[WhiteTeam "Schachklub Schweinfurt 2000 e.V."]
[BlackTeam "SV Fortuna Regensburg"]

1. d4 Nf6 2. Nf3 e6 3. c4 b6 4. g3 Bb7 5. Bg2 Be7 6. O-O O-O 7. Nc3 Ne4 8. Bd2
f5 9. Qc2 Bf6 10. Be1 d6 11. d5 Bxc3 12. Bxc3 exd5 13. cxd5 Bxd5 14. Rfd1 Bb7
15. Nd4 Qd7 16. Qb3+ d5 17. e3 Na6 18. Rac1 Nac5 19. Qc2 Nxc3 20. Qxc3 a5 21.
Nb3 Nxb3 22. Qxb3 Rad8 23. Rc3 Rf6 24. Rcd3 Rd6 25. h4 c5 26. Qc3 Qe6 27. Qd2
Qe5 28. a3 a4 29. Qc2 Bc6 30. R3d2 g6 31. b4 axb3 32. Qxb3 Bb7 33. a4 R8d7 34.
a5 c4 35. Qb4 bxa5 36. Qxa5 Kg7 37. Rd4 Kf6 38. Qc3 Ke6 39. f4 Qf6 40. e4 fxe4
41. Bh3+ Ke7 42. Bxd7 Kxd7 43. Rxc4 Qxc3 44. Rxc3 Ba6 1/2-1/2

[Event "Bayern ch 2008"]
[Site "Bad Neustadt /Saale"]
[Date "2008.09.02"]
[Round "5.8"]
[White "Safyanowsky, Mark"]
[Black "Reich, Thomas"]
[Result "1-0"]
[WhiteElo "2284"]
[BlackElo "2425"]
[PlyCount "109"]
[EventDate "2008.??.??"]
[WhiteTeam "SC Dillingen"]
[BlackTeam "FC Bayern München e.V."]

1. d4 Nf6 2. c4 c5 3. d5 e6 4. Nc3 exd5 5. cxd5 Bd6 6. Nf3 Bc7 7. g3 d6 8. Bg2
O-O 9. O-O a6 10. a4 Re8 11. Nd2 Nbd7 12. Nc4 Rb8 13. Bf4 Nf8 14. a5 Ng6 15.
Bd2 Bd7 16. Qb3 Ng4 17. h3 N4e5 18. Nb6 Bxb6 19. axb6 Ne7 20. Ne4 Bb5 21. f4
Nc4 22. Bc1 Nf5 23. Rf2 Nxb6 24. g4 Nd4 25. Qd1 Bc4 26. Nc3 Nb3 27. Ra3 Nxc1
28. Qxc1 Qe7 29. e4 f6 30. Nd1 Bb5 31. Rg3 Kh8 32. Ne3 Bd7 33. h4 Rg8 34. g5
Rbf8 35. Qc3 Na4 36. Qa5 Qd8 37. Qd2 b5 38. Qc2 c4 39. Bf3 Nc5 40. Rh2 Nd3 41.
f5 Qb6 42. Be2 Ne5 43. Kh1 a5 44. Qd2 Rc8 45. Rhg2 a4 46. Nc2 b4 47. gxf6 Qd8
48. fxg7+ Rxg7 49. Rxg7 Qxh4+ 50. Kg1 c3 51. bxc3 b3 52. Na3 b2 53. Rh2 Qxh2+
54. Kxh2 Kxg7 55. Qxb2 1-0

[Event "Bayern ch 2008"]
[Site "Bad Neustadt /Saale"]
[Date "2008.09.02"]
[Round "5.9"]
[White "Meister, Peter"]
[Black "Barth, Norbert"]
[Result "1/2-1/2"]
[WhiteElo "2390"]
[BlackElo "2284"]
[PlyCount "40"]
[EventDate "2008.??.??"]
[WhiteTeam "FC Bayern München e.V."]
[BlackTeam "SK Schwandorf"]

1. d4 Nf6 2. c4 e6 3. Nf3 Bb4+ 4. Nbd2 b6 5. g3 Bb7 6. Bg2 Ne4 7. O-O Nxd2 8.
Bxd2 Bxd2 9. Qxd2 d6 10. Qc2 Nd7 11. b4 Nf6 12. c5 Be4 13. Qb3 O-O 14. Rac1 Bd5
15. Qb2 Qd7 16. Nd2 Bxg2 17. Kxg2 Qb5 18. Nc4 a5 19. cxd6 cxd6 20. bxa5 Qxb2
1/2-1/2

[Event "Bayern ch 2008"]
[Site "Bad Neustadt /Saale"]
[Date "2008.09.02"]
[Round "5.10"]
[White "Grimberg, Boris"]
[Black "Lentrodt, Thomas"]
[Result "1-0"]
[WhiteElo "2293"]
[BlackElo "2306"]
[PlyCount "67"]
[EventDate "2008.??.??"]
[WhiteTeam "SAbt TSV Haunstetten"]
[BlackTeam "FC Bayern München e.V."]

1. e4 e6 2. d4 d5 3. Nd2 Nf6 4. e5 Nfd7 5. f4 c5 6. c3 Nc6 7. Ndf3 Qb6 8. a3 a5
9. Ne2 Be7 10. f5 cxd4 11. cxd4 Qd8 12. Nf4 Nb6 13. Nh5 g6 14. f6 Bf8 15. Ng7+
Bxg7 16. fxg7 Rg8 17. Bg5 Qc7 18. Bb5 Rxg7 19. O-O Bd7 20. Rc1 Nc4 21. Bxc4
dxc4 22. Rxc4 Qb6 23. Qd2 Ne7 24. Rc5 Bc6 25. Bf6 Rg8 26. Ng5 Nf5 27. Nxh7 Qb3
28. Bg5 Rh8 29. Nf6+ Kf8 30. g4 Rh3 {(=)} 31. Rc3 Rxc3 32. bxc3 Kg7 33. gxf5
Rh8 34. fxg6 1-0

[Event "Bayern ch 2008"]
[Site "Bad Neustadt /Saale"]
[Date "2008.09.02"]
[Round "5.11"]
[White "Poetsch, Klaus"]
[Black "Lochte, Thomas"]
[Result "1/2-1/2"]
[WhiteElo "2245"]
[BlackElo "2176"]
[PlyCount "128"]
[EventDate "2008.??.??"]
[WhiteTeam "SC Waldkraiburg"]
[BlackTeam "SK Weilheim"]

1. d4 Nf6 2. Nf3 g6 3. c4 c5 4. d5 b5 5. cxb5 a6 6. Qc2 d6 7. e4 Bg7 8. Nc3 O-O
9. a4 e6 10. dxe6 fxe6 11. Be2 axb5 12. Bxb5 d5 13. O-O Ba6 14. exd5 exd5 15.
Bg5 Qd6 16. Rfd1 d4 17. Bxa6 Nxa6 18. Qb3+ Kh8 19. Bxf6 Qxf6 20. Ne4 Qf7 {(=)}
21. Qxf7 Rxf7 22. Rac1 Rb7 23. Nxc5 Nxc5 24. Rxc5 Rxb2 25. Rd5 Ra2 26. Nxd4
Bxd4 27. R5xd4 R2xa4 28. g3 Rxd4 29. Rxd4 Ra7 30. h4 Kg7 31. Rd6 Rb7 32. Kg2
Ra7 33. g4 h6 34. Rd5 Kf6 35. g5+ hxg5 36. Rxg5 Ra4 37. Kg3 Ra1 38. Rb5 Ra4 39.
h5 gxh5 40. Rxh5 Rb4 41. Rh6+ Kg5 42. Ra6 Rb5 43. Ra8 Rc5 44. Rg8+ Kf5 45. Rf8+
Kg5 46. f4+ Kg6 47. Kg4 Rc4 48. Rg8+ Kf6 49. Ra8 Rc6 50. Rh8 Kg6 51. f5+ Kg7
52. Rh1 Rc4+ 53. Kg5 Rc5 54. Ra1 Rc7 55. Ra6 Rb7 56. Rg6+ Kf7 57. Rh6 Kg7 58.
f6+ Kg8 59. Kg6 Rg7+ 60. Kf5 Ra7 61. Rh1 Ra2 62. Rg1+ Kf8 63. Kg6 Rb2 64. Rg3
Rf2 1/2-1/2

[Event "Bayern ch 2008"]
[Site "Bad Neustadt /Saale"]
[Date "2008.09.02"]
[Round "5.12"]
[White "Wild, Rudolf"]
[Black "Kirch, Daniel"]
[Result "0-1"]
[WhiteElo "2267"]
[BlackElo "2042"]
[PlyCount "66"]
[EventDate "2008.??.??"]
[WhiteTeam "SK Krumbach"]
[BlackTeam "FSV Großenseebach"]

1. Nf3 Nf6 2. g3 e6 3. Bg2 d5 4. O-O c5 5. c4 d4 6. d3 Nc6 7. Na3 Be7 8. Bd2 h6
9. Rb1 Nb4 10. Bxb4 cxb4 11. Nc2 Bc5 12. Nxb4 O-O 13. Nc2 a5 14. b3 Qd6 15. Qc1
e5 16. Nd2 Bg4 17. Re1 Qd7 18. a3 Bh3 19. b4 Bxg2 20. Kxg2 Be7 21. bxa5 Rxa5
22. f3 e4 23. Nxe4 Nxe4 24. dxe4 Rh5 25. g4 Rh4 26. Rb5 Rxg4+ 27. Kh1 Bg5 28.
Rd5 Qc7 29. Qd1 Rh4 30. e5 Bf4 31. Qxd4 Qe7 32. Ne3 Rxh2+ 33. Kg1 Qh4 0-1

[Event "Bayern ch 2008"]
[Site "Bad Neustadt /Saale"]
[Date "2008.09.02"]
[Round "5.13"]
[White "Röder, Frank"]
[Black "Palmi, Herbert"]
[Result "1-0"]
[WhiteElo "2252"]
[BlackElo "2163"]
[PlyCount "109"]
[EventDate "2008.??.??"]
[WhiteTeam "SV Altensittenbach"]
[BlackTeam "SC Bayerwald/Regen"]

1. e4 c5 2. c3 e6 3. d4 cxd4 4. cxd4 d5 5. e5 Qb6 6. Nf3 Nc6 7. Nc3 Bd7 8. Be2
f5 9. O-O a6 10. a3 Rc8 11. Na4 Qa7 12. b4 Be7 13. Be3 Bd8 14. Nc5 Bb6 15. Qd2
Nge7 16. a4 a5 17. b5 Nd8 18. Rac1 Nf7 19. Ng5 Nxg5 20. Bxg5 Bd8 21. Bh5+ g6
22. Bf6 Rf8 23. Bf3 b6 24. Nd3 Ng8 25. Bxd8 Kxd8 26. Qg5+ Ke8 27. Rxc8+ Bxc8
28. Rc1 Bd7 29. h4 Qb8 30. g3 Kf7 31. h5 Qd8 32. hxg6+ hxg6 33. Qxd8 Rxd8 34.
Rc7 Ne7 35. Rb7 Nc8 36. Nf4 g5 37. Nh5 g4 38. Nf6 gxf3 39. Nxd7 Kg6 40. Nxb6 f4
41. Rb8 Rg8 42. Rxc8 Rg7 43. Rc3 fxg3 44. Rxf3 gxf2+ 45. Kxf2 Rc7 46. Rf6+ Kg5
47. Rxe6 Rc2+ 48. Ke3 Rc3+ 49. Kd2 Rb3 50. Nxd5 Kf5 51. Rd6 Ke4 52. Nc3+ Kf5
53. Kc2 Rb4 54. e6 Kg6 55. Rd8 1-0

[Event "Bayern ch 2008"]
[Site "Bad Neustadt /Saale"]
[Date "2008.09.02"]
[Round "5.14"]
[White "Klimpel, Thomas"]
[Black "Otte, Marco"]
[Result "1-0"]
[WhiteElo "2154"]
[BlackElo "2250"]
[PlyCount "55"]
[EventDate "2008.??.??"]
[WhiteTeam "TSV Kareth-Lappersdorf"]
[BlackTeam "SC Tarrasch 45 München"]

1. d4 c5 2. d5 e5 3. e4 Nf6 4. Nc3 a6 5. a4 Bd6 6. Nf3 Bc7 7. Bd3 Ba5 8. Nxe5
Nxe4 9. Qf3 Nf6 10. O-O O-O 11. Nc4 Ne8 12. Ne4 b5 13. axb5 axb5 14. Rxa5 Rxa5
15. Nxa5 Qxa5 16. Nxc5 d6 17. Nb3 Qb6 18. Be3 Qb7 19. Bd4 Nd7 20. Na5 Qa6 21.
Bxh7+ Kxh7 22. Qh5+ Kg8 23. Nc6 Qxc6 24. dxc6 Ndf6 25. Qxb5 Nc7 26. Qa5 Nfe8
27. f4 Ne6 28. Bc3 1-0

[Event "Bayern ch 2008"]
[Site "Bad Neustadt /Saale"]
[Date "2008.09.02"]
[Round "5.15"]
[White "Kliche, Alexander"]
[Black "Schatz, Christian"]
[Result "1/2-1/2"]
[WhiteElo "2211"]
[BlackElo "2209"]
[PlyCount "26"]
[EventDate "2008.??.??"]
[WhiteTeam "SC Kitzingen von 1905"]
[BlackTeam "Schachzentrum Fürth 2002"]

1. e4 c6 2. d4 d5 3. exd5 cxd5 4. c4 Nf6 5. Nc3 g6 6. Bg5 Bg7 7. Nf3 Nbd7 8.
Qb3 O-O 9. c5 e6 {(=)} 10. Bb5 h6 11. Bf4 Ne4 12. Qc2 Qa5 13. Bd3 g5 1/2-1/2

[Event "Bayern ch 2008"]
[Site "Bad Neustadt /Saale"]
[Date "2008.09.02"]
[Round "5.16"]
[White "Kirch, Florian"]
[Black "Holzer, Richard"]
[Result "1/2-1/2"]
[WhiteElo "2024"]
[BlackElo "2296"]
[PlyCount "40"]
[EventDate "2008.??.??"]
[WhiteTeam "FSV Großenseebach"]
[BlackTeam "SK Passau 1869"]

1. d4 Nf6 2. c4 c5 3. d5 b5 4. cxb5 a6 5. b6 Bb7 6. Nc3 e6 7. e4 exd5 8. exd5
d6 9. a4 Qxb6 10. a5 Qc7 11. Nf3 Be7 12. Be2 Nbd7 13. Bf4 O-O 14. O-O Rfe8 15.
Qd3 Bf8 16. Rfd1 Rad8 17. Bg3 Qb8 18. Rd2 Qa8 19. Rad1 Rc8 20. Qc4 Qb8 1/2-1/2

[Event "Bayern ch 2008"]
[Site "Bad Neustadt /Saale"]
[Date "2008.09.02"]
[Round "5.17"]
[White "Urytskyy, Michael"]
[Black "Kaunzinger, Albert"]
[Result "1-0"]
[WhiteElo "2084"]
[BlackElo "2226"]
[PlyCount "69"]
[EventDate "2008.??.??"]
[WhiteTeam "PTSV SK Hof 1892"]
[BlackTeam "SC Gröbenzell"]

1. e4 d5 2. exd5 Qxd5 3. Nf3 Nf6 4. Be2 Bf5 5. O-O h6 6. d4 c6 7. c4 Qd8 8. Qb3
Qb6 9. Qxb6 axb6 10. Nc3 e6 11. a3 Be7 12. h3 O-O 13. Be3 Nbd7 14. Rfd1 Rfe8
15. d5 Bc5 16. Bxc5 Nxc5 17. Nd4 cxd5 18. Nxf5 exf5 19. cxd5 Na4 20. Nxa4 Rxe2
21. Nxb6 Rd8 22. b4 Rd6 23. Nc8 Rxd5 24. Rxd5 Nxd5 25. Nd6 f4 26. Nxb7 f3 27.
gxf3 Nf4 28. a4 Nxh3+ 29. Kg2 Nxf2 30. Kf1 Rb2 31. a5 Nh3 32. a6 Rf2+ 33. Ke1
Rh2 34. Ra5 Rh1+ 35. Kd2 1-0

[Event "Bayern ch 2008"]
[Site "Bad Neustadt /Saale"]
[Date "2008.09.02"]
[Round "5.18"]
[White "Däubler, Heinrich"]
[Black "Sandner, Michael"]
[Result "0-1"]
[WhiteElo "2171"]
[BlackElo "2044"]
[PlyCount "74"]
[EventDate "2008.??.??"]
[WhiteTeam "Schachclub Haselmühl"]
[BlackTeam "SG Traunstein/Traunreut e.V."]

1. d4 c5 2. d5 Nf6 3. c4 b5 4. cxb5 a6 5. bxa6 Bxa6 6. Nc3 g6 7. Nf3 d6 8. h3
Bg7 9. e4 Bxf1 10. Kxf1 Nbd7 11. Kg1 O-O 12. Kh2 Qa5 13. Re1 Rfb8 14. Re2 Ne8
15. Qc2 Nc7 16. Bd2 Qa6 17. Bg5 Kf8 18. Bf4 Nb5 19. Nxb5 Rxb5 20. Qc1 Rab8 21.
Bh6 Bxh6 22. Qxh6+ Kg8 23. Qc1 Ra5 24. Rc2 Rxa2 25. Rxa2 Qxa2 26. b4 Qa4 27.
bxc5 Nxc5 28. Rc4 Rb4 29. Qh6 f6 30. Rxb4 Qxb4 31. Qd2 Qxe4 32. Ne1 Kg7 33. Qe3
Qxe3 34. fxe3 f5 35. Nf3 Kf6 36. h4 h6 37. Kg3 Ne4+ 0-1

[Event "Bayern ch 2008"]
[Site "Bad Neustadt /Saale"]
[Date "2008.09.03"]
[Round "6.1"]
[White "Sternheimer, Erhard"]
[Black "Schindler, Viktor"]
[Result "1/2-1/2"]
[WhiteElo "2185"]
[BlackElo "2111"]
[PlyCount "135"]
[EventDate "2008.??.??"]
[WhiteTeam "SC Bad Königshofen 1957"]
[BlackTeam "PTSV SK Hof 1892"]

1. Nf3 Nf6 2. g3 g6 3. Bg2 Bg7 4. O-O c5 5. c4 d5 6. cxd5 Nxd5 7. d4 Nb4 8. a3
N4c6 9. d5 Na5 10. Bd2 O-O 11. Qa4 b6 12. Bxa5 bxa5 13. Nc3 Nd7 14. e4 Rb8 15.
Rab1 Qb6 16. Qc2 Ba6 17. Rfd1 Rfd8 18. Bf1 Bxf1 19. Kxf1 Qf6 20. Kg2 h5 21. Qe2
g5 22. e5 Nxe5 23. Nxe5 Qxe5 24. Qxh5 Qf5 25. Qf3 Qg6 26. Qe3 Bd4 27. Qxe7 Re8
28. Qd7 Qc2 29. Rf1 Red8 30. Qe7 Qg6 31. Rbe1 Qf5 32. d6 Rd7 33. Qe4 Qxe4+ 34.
Nxe4 Rxb2 35. Rd1 Kg7 36. Rc1 Kg6 37. Rc4 Kf5 38. Nxc5 Rxd6 39. g4+ Kxg4 40.
Nd3 Re2 41. Ra4 f6 42. Re1 Rxe1 43. Nxe1 Kh5 44. Nc2 Bxf2 45. Kxf2 Rd2+ 46. Kg3
Rxc2 47. Rxa5 Rc3+ 48. Kg2 Rc7 49. Kg3 Rb7 50. Kh3 Rd7 51. Kg3 Kg6 52. Ra6 Rc7
53. Kf3 Kh5 54. Rxf6 Rc3+ 55. Kg2 Rxa3 56. Rc6 a5 57. Rc5 a4 58. Rc4 Ra1 59.
Kg3 Ra2 60. Rb4 a3 61. Ra4 Ra1 62. Kg2 a2 63. Ra5 Kh4 64. h3 g4 65. hxg4 Kxg4
66. Ra8 Kf4 67. Ra6 Ke4 68. Ra8 1/2-1/2

[Event "Bayern ch 2008"]
[Site "Bad Neustadt /Saale"]
[Date "2008.09.03"]
[Round "6.2"]
[White "de Francesco, Klaus"]
[Black "Deglmann, Ludwig"]
[Result "1/2-1/2"]
[WhiteElo "2362"]
[BlackElo "2336"]
[PlyCount "22"]
[EventDate "2008.??.??"]
[WhiteTeam "SK Weilheim"]
[BlackTeam "FC Bayern München e.V."]

1. d4 d6 2. c4 Nf6 3. Nc3 Nbd7 4. e4 e5 5. Nf3 Be7 6. Be2 O-O 7. O-O c6 8. Qc2
Re8 9. Rd1 Qc7 10. dxe5 dxe5 11. h3 a5 1/2-1/2

[Event "Bayern ch 2008"]
[Site "Bad Neustadt /Saale"]
[Date "2008.09.03"]
[Round "6.3"]
[White "Seuffert, Gabriel"]
[Black "Jorczik, Julian"]
[Result "0-1"]
[WhiteElo "2322"]
[BlackElo "2359"]
[PlyCount "104"]
[EventDate "2008.??.??"]
[WhiteTeam "SV Würzburg von 1865 e.V."]
[BlackTeam "FC Bayern München e.V."]

1. Nf3 Nf6 2. c4 g6 3. g3 Bg7 4. Bg2 O-O 5. O-O d6 6. d4 Nbd7 7. Nc3 e5 8. e4
c6 9. b3 Re8 10. d5 Nc5 11. Ne1 cxd5 12. cxd5 a5 13. Nd3 b6 14. Re1 Ba6 15.
Nxc5 bxc5 16. Bf1 Bc8 17. Bd2 Re7 18. Rb1 Rb7 19. Bb5 Rab8 20. a4 Qf8 21. Qc1
h5 22. Nd1 Ra7 23. Nb2 Bg4 24. Kg2 Qc8 25. f3 Bh3+ 26. Kg1 Qc7 27. Nc4 Kh7 28.
Re2 Ng8 29. Qe1 f5 30. Bxa5 Qe7 31. Bd2 Rf8 32. Rf2 Nh6 33. Ne3 f4 34. Nd1 g5
35. Bf1 Bc8 36. gxf4 exf4 37. Bc3 Qe8 38. h3 Qg6 39. Rh2 g4 40. hxg4 hxg4 41.
Rg2 g3 42. Bxg7 Rxg7 43. Rc2 Nf7 44. Bg2 Qh5 45. Qe2 Qh2+ 46. Kf1 Bh3 47. Ke1
Ne5 48. Qf1 Nd3+ 49. Qxd3 Bxg2 50. Rxg2 Qxg2 51. Rb2 Qxb2 52. Nxb2 g2 0-1

[Event "Bayern ch 2008"]
[Site "Bad Neustadt /Saale"]
[Date "2008.09.03"]
[Round "6.4"]
[White "Zehnter, Sebastian"]
[Black "Safyanowsky, Mark"]
[Result "1/2-1/2"]
[WhiteElo "2180"]
[BlackElo "2284"]
[PlyCount "115"]
[EventDate "2008.??.??"]
[WhiteTeam "SV Würzburg von 1865 e.V."]
[BlackTeam "SC Dillingen"]

1. e4 g6 2. d4 Bg7 3. Nc3 d6 4. Be3 a6 5. f3 b5 6. Qd2 Nd7 7. Nh3 Bb7 8. Be2
Ngf6 9. O-O O-O 10. a4 c6 $11 11. Nf2 Qc7 12. Rfc1 Rfd8 13. axb5 axb5 14. Ncd1
e5 15. Rxa8 Rxa8 16. dxe5 dxe5 17. Qc3 Qa5 18. b4 Qa3 19. Nd3 Bf8 20. Qxa3 Rxa3
21. Kf2 Ne8 22. N1b2 Ra2 23. Rb1 Bc8 24. Ke1 Nd6 25. Nc5 Nxc5 26. Bxc5 Be6 27.
Kd2 Bh6+ 28. Be3 Bxe3+ 29. Kxe3 $11 Kf8 30. Bd3 Ke7 31. Nd1 Ra3 32. Kd2 f5 33.
exf5 gxf5 34. Nc3 Kf6 35. g4 h6 36. gxf5 Bxf5 37. Be4 Bxe4 38. fxe4 Nc4+ 39.
Kd3 Nb6 40. Rb3 Rxb3 41. cxb3 Kg5 42. Ke3 Na8 43. Nd1 Nc7 44. Nf2 Ne6 45. Nd3
Kf6 46. Kf3 Nd4+ 47. Kg4 Nxb3 48. Kh5 Nd2 49. Nc5 Kg7 50. Ne6+ Kf6 51. Nc5 Nf3
52. h3 Ng5 53. h4 Nf7 54. Nd7+ Kg7 55. Kg4 Nd6 56. Nxe5 Nxe4 57. Nxc6 Kf6 58.
Kf4 1/2-1/2

[Event "Bayern ch 2008"]
[Site "Bad Neustadt /Saale"]
[Date "2008.09.03"]
[Round "6.5"]
[White "Golda, Harald"]
[Black "Köpke, Christian"]
[Result "1/2-1/2"]
[WhiteElo "2336"]
[BlackElo "2330"]
[PlyCount "38"]
[EventDate "2008.??.??"]
[WhiteTeam "Schachklub Schweinfurt 2000 e.V."]
[BlackTeam "SC Tarrasch 45 München"]

1. Nf3 g6 2. g3 Bg7 3. Bg2 c5 4. c4 Nc6 5. O-O e5 6. Nc3 Nge7 7. d3 O-O 8. Bd2
d6 9. Rb1 Rb8 10. a3 a5 11. Ne1 Be6 12. Nc2 d5 13. cxd5 Nxd5 14. Nxd5 Bxd5 15.
Bxd5 Qxd5 16. b4 axb4 17. axb4 cxb4 18. Nxb4 Nxb4 19. Rxb4 b5 1/2-1/2

[Event "Bayern ch 2008"]
[Site "Bad Neustadt /Saale"]
[Date "2008.09.03"]
[Round "6.6"]
[White "Jussupow, Nadia"]
[Black "Schramm, Christian"]
[Result "1/2-1/2"]
[WhiteElo "2166"]
[BlackElo "2318"]
[PlyCount "37"]
[EventDate "2008.??.??"]
[WhiteTeam "SK Krumbach"]
[BlackTeam "SC 1959 Obernau"]

1. d4 e6 2. Nf3 c5 3. e3 b6 4. Bd3 Bb7 5. O-O Qc7 6. Nbd2 Nf6 7. b3 Be7 8. Bb2
a6 9. c4 d6 10. Qc2 Nbd7 11. Rad1 O-O 12. Ng5 h6 13. Nge4 Rac8 14. dxc5 bxc5
15. Nxf6+ Nxf6 16. Ne4 Nxe4 17. Bxe4 Rfd8 18. Bxb7 Qxb7 19. e4 1/2-1/2

[Event "Bayern ch 2008"]
[Site "Bad Neustadt /Saale"]
[Date "2008.09.03"]
[Round "6.7"]
[White "Rother, Christoph"]
[Black "Grimberg, Boris"]
[Result "0-1"]
[WhiteElo "2291"]
[BlackElo "2293"]
[PlyCount "151"]
[EventDate "2008.??.??"]
[WhiteTeam "SV Fortuna Regensburg"]
[BlackTeam "SAbt TSV Haunstetten"]

1. Nf3 c5 2. e4 d6 3. d4 cxd4 4. Nxd4 Nf6 5. Nc3 g6 6. Be3 Bg7 7. f3 a6 8. Qd2
Nbd7 9. O-O-O b5 10. Kb1 Bb7 11. Bh6 Bxh6 12. Qxh6 Rc8 13. Qe3 Qb6 14. Re1 b4
15. Nd1 e5 16. Nb3 Qc7 17. c4 O-O 18. Qd2 a5 19. Ne3 Nc5 20. Nc1 Ne8 21. Bd3
Ng7 22. g4 Nge6 23. h4 Nd4 24. Qg2 Qe7 25. Bc2 Qf6 26. Rh3 Nce6 27. Nd3 Nf4 28.
Nxf4 exf4 29. g5 Qe6 30. Ng4 Qxc4 31. Nf6+ Kg7 32. Rh2 Qb5 33. Qf1 Ba6 34. Qxb5
Bxb5 35. Rd1 Nxf3 36. Rf2 Ne5 37. Rxf4 Rc6 38. Rf2 Rfc8 39. Nd5 Bd3 40. Bxd3
Rc1+ 41. Rxc1 Rxc1+ 42. Kxc1 Nxd3+ 43. Kd2 Nxf2 44. Nf6 h6 45. Ne8+ Kg8 46.
Nxd6 hxg5 47. hxg5 Kf8 48. Ke2 Ke7 $11 49. Nc8+ Kd7 50. Kxf2 Kxc8 51. Ke3 Kd7
52. e5 $11 Ke6 53. Ke4 a4 54. b3 a3 55. Kd4 Kf5 56. Kc4 Kxg5 57. Kxb4 Kf5 58.
Ka5 g5 59. b4 g4 60. b5 g3 61. b6 g2 62. b7 g1=Q 63. b8=Q Qd4 64. Qc8+ Kf4 65.
Qc1+ Kg4 66. Qxa3 Qxe5+ 67. Kb6 f5 68. Qa8 Qe3+ 69. Kb5 f4 70. Qg8+ Kh3 71.
Qh7+ Kg2 72. a4 f3 73. Qg6+ Kf1 74. a5 f2 75. a6 Qe5+ 76. Kb6 0-1

[Event "Bayern ch 2008"]
[Site "Bad Neustadt /Saale"]
[Date "2008.09.03"]
[Round "6.8"]
[White "Lochte, Thomas"]
[Black "Meister, Peter"]
[Result "0-1"]
[WhiteElo "2176"]
[BlackElo "2390"]
[PlyCount "80"]
[EventDate "2008.??.??"]
[WhiteTeam "SK Weilheim"]
[BlackTeam "FC Bayern München e.V."]

1. e4 c5 2. Nf3 d6 3. d4 cxd4 4. Qxd4 a6 5. Be3 Nc6 6. Qb6 Qxb6 7. Bxb6 Nf6 8.
Nc3 e6 9. O-O-O Be7 10. Bc4 Bd7 11. Rhe1 $11 Rc8 12. Bb3 O-O 13. h3 Be8 14. Nd2
Nd7 15. Nc4 Nce5 16. Nxe5 Nxb6 17. Nf3 Nd7 18. a3 Rc7 19. Nd4 Nc5 20. Ba2 Bd7
21. f4 Na4 22. Nxa4 Bxa4 23. Rd2 Rfc8 24. Ree2 Bd7 25. Rf2 g6 26. c3 Kg7 27. g4
Rf8 28. Rd3 e5 29. fxe5 dxe5 30. Nf3 Bb5 31. Rd5 Bc5 32. Rc2 f5 33. gxf5 gxf5
34. Rg2+ Kh8 35. exf5 Be3+ 36. Kc2 Bc6 37. Rxe5 Bxf3 38. Rxe3 Bxg2 39. f6 Rd7
40. Re5 h6 0-1

[Event "Bayern ch 2008"]
[Site "Bad Neustadt /Saale"]
[Date "2008.09.03"]
[Round "6.9"]
[White "Barth, Norbert"]
[Black "Röder, Frank"]
[Result "1/2-1/2"]
[WhiteElo "2284"]
[BlackElo "2252"]
[PlyCount "97"]
[EventDate "2008.??.??"]
[WhiteTeam "SK Schwandorf"]
[BlackTeam "SV Altensittenbach"]

1. e4 c6 2. d4 d5 3. Nc3 dxe4 4. Nxe4 Nf6 5. Nxf6+ exf6 6. Nf3 Bd6 7. Be2 O-O
8. O-O Re8 9. Re1 Bg4 10. h3 Bh5 11. Nh4 Bxe2 12. Rxe2 Nd7 13. Nf3 Nb6 14. Qd3
Qd7 15. Rxe8+ Rxe8 16. Bd2 Bc7 17. Re1 Rxe1+ 18. Bxe1 Qe6 19. b3 Nd5 20. Bd2 f5
21. Ng5 Qd7 22. Qe2 h6 23. Nf3 Qe6 24. Kf1 Nf6 25. Qe3 g5 26. Ng1 Kg7 27. Ne2
Qe4 28. Qxe4 fxe4 29. c4 Kg6 30. Nc3 h5 31. Ke2 Kf5 32. Nd1 Bf4 33. Ne3+ Ke6
34. Bc3 g4 35. hxg4 Bxe3 36. fxe3 Nxg4 37. Be1 Nh6 38. Bg3 Nf5 39. Bb8 a6 40.
Bf4 Nh4 41. Kf2 Nf5 42. Kg1 Ne7 43. Kh2 Ng6 44. Bh6 f6 45. Kh3 Kf7 46. Kg3 Ke6
47. Bf4 Kf5 48. Bd6 Ke6 49. Bf4 1/2-1/2

[Event "Bayern ch 2008"]
[Site "Bad Neustadt /Saale"]
[Date "2008.09.03"]
[Round "6.10"]
[White "Kirch, Daniel"]
[Black "Liepold, Stefan"]
[Result "0-1"]
[WhiteElo "2042"]
[BlackElo "2283"]
[PlyCount "52"]
[EventDate "2008.??.??"]
[WhiteTeam "FSV Großenseebach"]
[BlackTeam "SC Erlangen"]

1. d4 Nf6 2. c4 g6 3. Nc3 d5 4. cxd5 Nxd5 5. Na4 Bg7 6. Nf3 O-O 7. e4 Nb6 8.
Be2 Bg4 9. Bd2 Nc6 10. e5 Nd5 11. Bg5 h6 12. Bc1 b6 13. O-O Qc8 14. Qb3 Rd8 15.
Rd1 Be6 16. Qb5 Ndb4 17. Bf1 a6 18. Qe2 Bxa2 19. Rxa2 Nxa2 20. d5 Qg4 21. b3
Nxc1 22. Rxc1 Nxe5 23. Rxc7 Nxf3+ 24. Qxf3 Qxf3 25. gxf3 Bd4 26. f4 b5 0-1

[Event "Bayern ch 2008"]
[Site "Bad Neustadt /Saale"]
[Date "2008.09.03"]
[Round "6.11"]
[White "Röder, Gerd"]
[Black "Poetsch, Klaus"]
[Result "1/2-1/2"]
[WhiteElo "2277"]
[BlackElo "2245"]
[PlyCount "29"]
[EventDate "2008.??.??"]
[WhiteTeam "SV Altensittenbach"]
[BlackTeam "SC Waldkraiburg"]

1. e4 e6 2. d4 d5 3. Nd2 Nf6 4. e5 Nfd7 5. Bd3 c5 6. c3 Nc6 7. Ne2 cxd4 8. cxd4
f6 9. exf6 Qxf6 10. Nf3 h6 11. O-O Bd6 12. Nc3 O-O 13. a3 Rf7 14. Be3 Nf8 15.
h3 1/2-1/2

[Event "Bayern ch 2008"]
[Site "Bad Neustadt /Saale"]
[Date "2008.09.03"]
[Round "6.12"]
[White "Schatz, Christian"]
[Black "Klimpel, Thomas"]
[Result "1/2-1/2"]
[WhiteElo "2209"]
[BlackElo "2154"]
[PlyCount "92"]
[EventDate "2008.??.??"]
[WhiteTeam "Schachzentrum Fürth 2002"]
[BlackTeam "TSV Kareth-Lappersdorf"]

1. Nf3 Nf6 2. c4 c5 3. Nc3 Nc6 4. g3 g6 5. Bg2 Bg7 6. O-O O-O 7. d3 d5 8. cxd5
Nxd5 9. Nxd5 Qxd5 10. Be3 Qh5 11. Rc1 b6 12. Ng5 Nd4 13. Bxd4 Bxd4 14. Bxa8
Qxg5 15. b3 Bg4 16. Bf3 Bxf3 17. exf3 e5 18. Kg2 Rd8 19. Rc2 a5 20. Re1 b5 21.
h4 Qf5 22. Qe2 Qd7 23. h5 g5 24. Qd2 h6 25. Qxa5 Qd5 26. g4 f5 27. Qxb5 Kg7 28.
Qa6 Rd6 29. Qc8 Rf6 30. gxf5 g4 31. Re4 gxf3+ 32. Kh2 Qf7 33. Rg4+ Kh7 34. Kg3
Rxf5 35. Rxc5 Bxc5 36. Qxc5 e4 37. Qb6 Rxh5 38. dxe4 Rh1 39. Rf4 Rg1+ 40. Kxf3
Qh5+ 41. Ke3 Re1+ 42. Kd4 Qd1+ 43. Ke5 Qh5+ 44. Kd4 Qd1+ 45. Ke5 Qh5+ 46. Kd4
Qd1+ 1/2-1/2

[Event "Bayern ch 2008"]
[Site "Bad Neustadt /Saale"]
[Date "2008.09.03"]
[Round "6.13"]
[White "Reich, Thomas"]
[Black "Urytskyy, Michael"]
[Result "1-0"]
[WhiteElo "2425"]
[BlackElo "2084"]
[PlyCount "33"]
[EventDate "2008.??.??"]
[WhiteTeam "FC Bayern München e.V."]
[BlackTeam "PTSV SK Hof 1892"]

1. d4 Nf6 2. c4 c5 3. d5 b5 4. Nd2 bxc4 5. e4 e6 6. Bxc4 exd5 7. exd5 d6 8.
Ngf3 Be7 9. O-O O-O 10. b3 Nbd7 11. Bb2 Nb6 12. Re1 Bb7 13. Ne4 Nbxd5 14. Ng3
g6 15. Qd2 Nc7 16. Nf5 Be4 17. Rxe4 1-0

[Event "Bayern ch 2008"]
[Site "Bad Neustadt /Saale"]
[Date "2008.09.03"]
[Round "6.14"]
[White "Lentrodt, Thomas"]
[Black "Kliche, Alexander"]
[Result "1-0"]
[WhiteElo "2306"]
[BlackElo "2211"]
[PlyCount "69"]
[EventDate "2008.??.??"]
[WhiteTeam "FC Bayern München e.V."]
[BlackTeam "SC Kitzingen von 1905"]

1. d4 d5 2. Bf4 Nf6 3. e3 e6 4. Nf3 Bd6 5. Bd3 O-O 6. Nbd2 c5 7. Bg5 Nc6 8. O-O
h6 9. Bh4 e5 10. dxc5 Bxc5 11. e4 Be7 12. Bxf6 Bxf6 13. exd5 Qxd5 14. Ne4 Be7
15. Nf6+ Bxf6 16. Bh7+ Kxh7 17. Qxd5 Be6 18. Qe4+ Kg8 19. Rfd1 Rfd8 20. c3
Rxd1+ 21. Rxd1 Bxa2 22. Rd7 Rb8 23. c4 Na5 24. Nd2 Rc8 25. b3 b5 26. Qc2 bxc4
27. Qxa2 cxb3 28. Nxb3 Rc3 29. Qxa5 Rxb3 30. g3 e4 31. Qxa7 Rb1+ 32. Kg2 Rb2
33. Qa8+ Kh7 34. Qxe4+ Kg8 35. Qe8+ 1-0